Zgadnij Polskie miasto po odległościach cz.1 - Statystyki

Ogólne statystyki
  • Ten quiz został rozwiązany 56 razy
  • Średni wynik to 28 z 37
Statystyki odpowiedzi
Odległość w km Miasto % Poprawnych
94km Warszawa
100%
89km Łódź
90%
189km Poznań
87%
258km Katowice
84%
278km Kraków
84%
245km Lublin
84%
210km Gdańsk
81%
147km Olsztyn
81%
243km Wrocław
81%
242km Białystok
77%
131km Bydgoszcz
77%
234km Gdynia
77%
242km Opole
77%
161km Radom
77%
92km Toruń
77%
180km Elbląg
74%
260km Gliwice
74%
197km Kielce
74%
322km Rzeszów
74%
255km Sosnowiec
74%
360km Szczecin
74%
250km Bytom
71%
256km Chorzów
71%
197km Częstochowa
71%
249km Dąbrowa Górnicza
71%
263km Ruda Śląska
71%
44km Włocławek
71%
258km Zabrze
71%
295km Zielona Góra
71%
306km Bielsko-Biała
68%
303km Gorzów Wielkopolski
68%
297km Koszalin
68%
0km Płock
68%
283km Rybnik
68%
294km Tarnów
68%
274km Tychy
68%
307km Wałbrzych
68%
Nie znaleziono quizów pasujących do podanych kryteriów
Rozkład punktacji
Procent ludzi z każdym wynikiem
Percentyl według liczby udzielonych odpowiedzi
Twoja historia wyników
Nie rozwiązałeś tego quizu